| 000 | 00803nam a2200253 a 4500 | ||
|---|---|---|---|
| 001 | |||
| 003 | DO-SdBNP | ||
| 005 | 20220201080152.0 | ||
| 008 | 190130s2018 dr r 000 0 spa d | ||
| 020 | _a9781721085941 | ||
| 040 |
_aDO-SdBNP _bspa _cBPMSU |
||
| 082 |
_a658.4092 _bV168s 2018 _222 |
||
| 100 | 1 | _aValette, Linda | |
| 245 | 1 | 0 |
_aSer mujer en un mundo de hombres / _cLinda Valette ; cuidado edición José M. Fernández. |
| 260 |
_aMiami, Florida : _bK ediciones, _c2018. |
||
| 300 |
_a117 p. ; _c23 cm. |
||
| 500 | _aIncluye datos biográficos de la autora en la contracubierta | ||
| 590 | _aInventariado, 2022/VM | ||
| 650 | 4 |
_aMujeres ejecutivas. _zRepública Dominicana |
|
| 650 | 4 | _aLiderazgo. | |
| 700 | 1 |
_aFernández, José M., _eedición |
|
| 910 | _aVMateo V. | ||
| 942 |
_2ddc _cBK |
||
| 999 |
_c13995 _d13995 |
||